| 000 | 00877cam a2200265 a 4500 | ||
|---|---|---|---|
| 008 | |||
| 020 | _a9780521831505 (hardback) | ||
| 049 | _aMAIN | ||
| 090 | 0 | 0 |
_aTK7871.85 _bBRE |
| 100 | 1 | _aBrennan, Kevin F. | |
| 245 | 1 | 0 |
_aIntroduction to semiconductor devices : _bfor computing and telecommunications applications / _cKevin F. Brennan |
| 260 |
_aCambridge : _bCambridge University Press, _c2005 |
||
| 300 |
_axvii, 316 pages. : _billustrations. ; _c26 cm |
||
| 336 |
_atext _btxt _2rdacontent |
||
| 337 |
_aunmediated _bn _2rdamedia |
||
| 338 |
_avolume _bnc _2rdacarrier |
||
| 504 | _aIncludes bibliographical references. | ||
| 500 | _aIncludes index. | ||
| 650 | 0 | _aSemiconductors | |
| 907 |
_a.b10400783 _b12-04-21 _c12-04-21 |
||
| 003 | |||
| 005 | 20230123141151.0 | ||
| 040 | _cNUST | ||
| 942 |
_cBOOKS _kTK7871.85 _mBRE |
||
| 999 |
_c168813 _d168813 |
||